Milli saydamlık izleme raporu (Record no. 1988)

MARC details
000 -BAŞLIK
Sabit Uzunlukta Kontrol Alanı 00714na a2200253 4500
001 - KONTROL NUMARASI
Denetim Alanı 13488
003 - KONTROL NUMARASI IDENTIFIER
Denetim Alanı MIRAKIL
005 - SON İŞLEM TARİHİ VE ZAMANI
Denetim Alanı 20181213154842.0
008 - SABİT-BOY VERİ ELEMANLARI - GENEL BİLGİLER
Sabit Uzunlukta Kontrol Alanı 161001b tu 000 0
020 ## - ULUSLARARASI STANDART KİTAP NUMARASI
Uluslararası Standart Kitap Numarası 9758112449
035 ## - SİSTEM KONTROL NUMARASI
Sistem Kontrol Numarası 13488
040 ## - KATALOGLAMA KAYNAK
Orijinal Kataloglama Ajansı Milas
Kataloglama Dili tur
Metne Dönüştürmek Ajansı TR-AnCHP
082 ## - DEWEY ONLU SINIFLANDIRMA NUMARASI
Sınıflandırma Numarası 336.3
Ürün Numarası E55m
090 ## - SINIFLAMA NUMARASI
Sınıflama Numarası 336.3 E55m 2004
100 ## - ANA GİRİŞ - KİŞİSEL İSİM
Kişisel Ad Emil, M. Ferhat
245 ## - BAŞLIK TABLOSU
Başlık Milli saydamlık izleme raporu
Sorumluluk Tablosu, Vb M. Ferhat Emil, H. Hakan Yılmaz
260 ## - YAYIN, DAĞITIM, VB
Yayın, Dağıtım, Vb Yeri İstanbul
Yayıncı, Dağıtıcı, Vs Adı Tesev
Yayın, Dağıtım, Vb Tarihi 2004
300 ## - FİZİKSEL TANIM
Kapsam 110 s.
Diğer Fiziksel Ayrıntıları tbl. ; grf.
Boyutlar 30 sm.
500 ## - GENEL NOT
Genel Not Kaynakça var.
650 ## - KONU KATMA GİRİŞ - TOPİKAL DÖNEM
Topikal Süreli Veya Coğrafi Ad Giriş Elemanı Ekonomi
Genel Alt Bölümü Kamu kaynakları
Coğrafi Alt Bölümü Türkiye
650 ## - KONU KATMA GİRİŞ - TOPİKAL DÖNEM
Topikal Süreli Veya Coğrafi Ad Giriş Elemanı Mali politikalar
Genel Alt Bölümü Şeffaflık
Coğrafi Alt Bölümü Türkiye
700 ## - KATMA GİRİŞ - KİŞİSEL İSİM
Kişisel Ad Yılmaz, H. Hakan
942 ## - EKLENDİ GİRİŞ ELEMANLARI (KOHA)
Sınıflandırma Veya Raf Düzeni Kaynak Dewey Decimal Classification
Koha Öğesi Türü Books
999 ## - SİSTEM KONTROL NUMARALARI (KOHA)
Koha Biblionumber 1988
Koha Biblioitemnumber 1988
Holdings
Kalıcı Konum Mevcut Konum Edinme Tarihi Edinim Kaynak Toplam Check-Out'Lar Tam Çağrı Numarası Barkod Tarih Son Görülme İtibaren Geçerli Fiyatlar Koha Öğesi Türü
CHP Kütüphanesi CHP Kütüphanesi 08/14/2016 Bağış   336.3 E55m 2004 001315 08/14/2016 08/14/2016 Books